000
00340pab a2200157 454500
008
180718b1988 xxu||||| |||| 00| 0 eng d
100
_a
Kadhim, M.B.
245
_a
City profile
260
_c
1988
300
_a
318-25
362
_a
Nov.
650
_a
Cities And Towns - Growth
700
_a
Y. Raggal
773
_a
Cities
909
_a
5367
999
_c
5367
_d
5367